| 000 | 00826nam a2200205Ia 4500 | ||
|---|---|---|---|
| 003 | OSt | ||
| 005 | 20241119134126.0 | ||
| 007 | ca aa aaaaa | ||
| 008 | 201103s9999 xx 000 0 und d | ||
| 040 | _cSSBUL | ||
| 041 | _abur | ||
| 082 |
_a၂၉၄.၃၄၄၃၅ အောင် ၉၁၁၇ S-SAT _223 |
||
| 100 | _a အောင်မြတ်၊ ဦး၊ သမထ | ||
| 245 | 0 |
_aကိုယ်တွေ့သမထကျင့်နည်းဒုတိယတွဲ / _cသမထဦးအောင်မြတ်။ |
|
| 260 |
_aရန်ကုန် ၊ _bမြတ်စာပေ၊ _c၁၉၇၇။ |
||
| 300 |
_a၂၉၆ စာမျက်နှာ၊ _c၁၈ စင်တီ။ |
||
| 500 | _aS-SAT: Dr Sai Aung Tun Collection | ||
| 650 |
_aသမထကျင်.နည်း _955318 |
||
| 942 |
_2ddc _cBK1 |
||
| 999 |
_c16617 _d16617 |
||